| 000 | 00361nam a22001337a 4500 | ||
|---|---|---|---|
| 020 | _a0859505219 | ||
| 040 | _cNust | ||
| 082 |
_a510 _bBOS |
||
| 100 |
_aL. Bostock _9127005 |
||
| 245 | _aMathematics - The core course for A- level | ||
| 260 |
_aLondon: _bELBS Society, _c1987. |
||
| 650 |
_aMathematics - The core course for A- level _9127006 |
||
| 942 |
_2ddc _cBK |
||
| 999 |
_c612374 _d612374 |
||